[Event "Irkutsk-ch (Women)"]
[Site "Irkutsk"]
[Date "2017.02.12"]
[Round "4"]
[White "Derevyanko, Yulia"]
[Black "Khungueva, Olga"]
[Result "1-0"]
[WhiteElo "1620"]
[BlackElo "1995"]
[PlyCount "75"]
[EventDate "2017.02.04"]
[EventType "tourn"]
[EventRounds "9"]
[EventCountry "RUS"]
[SourceTitle "CBM 177 Extra"]
[Source "ChessBase"]
[SourceDate "2017.04.27"]
[SourceVersion "1"]
[SourceVersionDate "2017.04.27"]
[SourceQuality "1"]

1. e4 c5 2. d4 cxd4 3. c3 dxc3 4. Nxc3 Nc6 5. Nf3 g6 6. Bc4 Bg7 7. e5 Qa5 8. 0-0 Nxe5 9. Nxe5 Qxe5 10. Re1 Qc5 11. Qb3 e6 12. Be3 Qa5 13. Nb5 Nf6 14. Bc5 Bf8 15. Qe3 d6 16. Nxd6+ Bxd6 17. Bxd6 Bd7 18. Qd4 Qg5 19. Be5 Bc6 20. g3 Ng4 21. Bxh8 Nxh2 22. Kxh2 Qh5+ 23. Qh4 Qf3 24. Kh3 Qg2+ 25. Kg4 Qf3+ 26. Kh3 h5 27. Rg1 Be4 28. Qf4 Bf5+ 29. Kh2 Qc6 30. Rad1 b5 31. Bb3 Qc5 32. Bd4 Qc6 33. Rc1 Qd7 34. Rc7 Qd8 35. Qe5 f6 36. Qxb5+ Kf8 37. Qc5+ Kg8 38. Rc1 1-0

[Event "Irkutsk-ch (Women)"]
[Site "Irkutsk"]
[Date "2017.02.05"]
[Round "3"]
[White "Kireeva, Margarita"]
[Black "Khungueva, Olga"]
[Result "1/2-1/2"]
[WhiteElo "1075"]
[BlackElo "1995"]
[PlyCount "92"]
[EventDate "2017.02.04"]
[EventType "tourn"]
[EventRounds "9"]
[EventCountry "RUS"]
[SourceTitle "CBM 177 Extra"]
[Source "ChessBase"]
[SourceDate "2017.04.27"]
[SourceVersion "1"]
[SourceVersionDate "2017.04.27"]
[SourceQuality "1"]

1. e4 c5 2. Nf3 g6 3. c3 Bg7 4. d4 cxd4 5. cxd4 d5 6. Bb5+ Nd7 7. exd5 Ngf6 8. 0-0 0-0 9. Nc3 Nb6 10. Bf4 Nbxd5 11. Nxd5 Qxd5 12. Be2 Bf5 13. Be5 Rac8 14. a3 Bc2 15. Qe1 a6 16. Qb4 Qd7 17. Rac1 Bh6 18. Rce1 Nd5 19. Qa5 Qc6 20. Qc5 Qxc5 21. dxc5 Rxc5 22. Bd4 Rc7 23. Bd1 Bf5 24. Bb3 Nf4 25. Be5 Rd7 26. Rd1 Rfd8 27. Bc7 Rxd1 28. Rxd1 Rxd1+ 29. Bxd1 Nd3 30. b3 f6 31. Nd4 Bd7 32. Bf3 e5 33. Bd5+ Kf8 34. Ne6+ Bxe6 35. Bxe6 Ke7 36. Bc8 Bc1 37. Bxb7 Bxa3 38. Bxa6 Nc5 39. Bc4 Kd7 40. Bb6 Kc6 41. Bxc5 Kxc5 42. Kf1 Kd4 43. Ke2 h6 44. Bf7 g5 45. Bc4 f5 46. Be6 f4 1/2-1/2

[Event "Shelekhov Kaskad Cup"]
[Site "Shelekhov"]
[Date "2015.09.08"]
[Round "4"]
[White "Rozhnev, Gennady"]
[Black "Khungueva, Olga"]
[Result "1-0"]
[WhiteElo "2084"]
[BlackElo "1984"]
[PlyCount "81"]
[EventDate "2015.09.03"]
[EventType "tourn"]
[EventRounds "9"]
[EventCountry "RUS"]
[SourceTitle "EXT 2016"]
[Source "ChessBase"]
[SourceDate "2015.10.08"]
[SourceVersion "1"]
[SourceVersionDate "2015.10.08"]
[SourceQuality "1"]

1. Nf3 d5 2. c4 c6 3. b3 Bf5 4. g3 Nf6 5. Bb2 h6 6. Bg2 e6 7. 0-0 Bc5 8. d3 0-0 9. Nbd2 Qe7 10. a3 a5 11. Qc1 Nbd7 12. Bc3 Bh7 13. Qb2 Rfe8 14. d4 Bd6 15. Ne5 Bc7 16. b4 Reb8 17. b5 Nxe5 18. dxe5 Nd7 19. a4 Nb6 20. cxd5 cxd5 21. Bd4 Rc8 22. e4 dxe4 23. Rfc1 e3 24. Bxe3 Nd5 25. Bd4 Bb6 26. Bxd5 Bxd4 27. Qxd4 Rd8 28. Qc5 Qxc5 29. Rxc5 Rxd5 30. Rxd5 exd5 31. Rc1 Bf5 32. Nb3 Be4 33. Nd4 Re8 34. f4 Re7 35. Rc8+ Kh7 36. b6 Re6 37. Nxe6 fxe6 38. Rc5 Kg6 39. Kf2 Bd3 40. Rxa5 Kf5 41. Ra7 1-0

[Event "Shelekhov Kaskad Cup"]
[Site "Shelekhov"]
[Date "2015.09.05"]
[Round "2"]
[White "Filippov, Stanislav"]
[Black "Khungueva, Olga"]
[Result "1-0"]
[WhiteElo "2143"]
[BlackElo "1984"]
[PlyCount "109"]
[EventDate "2015.09.03"]
[EventType "tourn"]
[EventRounds "9"]
[EventCountry "RUS"]
[SourceTitle "EXT 2016"]
[Source "ChessBase"]
[SourceDate "2015.10.08"]
[SourceVersion "1"]
[SourceVersionDate "2015.10.08"]
[SourceQuality "1"]

1. e4 c5 2. Nf3 g6 3. d4 cxd4 4. Nxd4 Bg7 5. Nc3 Nc6 6. Be3 Nf6 7. Bc4 Qa5 8. 0-0 0-0 9. Bb3 d6 10. h3 Bd7 11. Kh1 Nxd4 12. Bxd4 Bc6 13. Nd5 Bxd5 14. exd5 Nd7 15. Bxg7 Kxg7 16. Qd4+ Kg8 17. Rae1 Rfe8 18. Re2 Qc5 19. Qh4 Nf6 20. c4 b5 21. cxb5 Nxd5 22. Rc2 Qxb5 23. Rd1 Nb6 24. Rc7 Qe5 25. f4 Qxb2 26. f5 d5 27. Rxe7 Rxe7 28. Qxe7 Kg7 29. fxg6 hxg6 30. Rf1 Rf8 31. Qxa7 Qe2 32. Rd1 Nc4 33. Qd4+ Kg8 34. Qxd5 Ne3 35. Qd2 Qxd2 36. Rxd2 Rc8 37. Kg1 Rc7 38. Kf2 Nf5 39. Kf3 Kg7 40. Kf4 Kf6 41. Rc2 g5+ 42. Ke4 Rd7 43. Rc6+ Nd6+ 44. Kd5 Ke7 45. Kc5 Ne4+ 46. Kb6 Rd2 47. Rc7+ Kd6 48. Rc2 f5 49. Rxd2+ Nxd2 50. Kb5 f4 51. Bd1 Ne4 52. Kc4 Nc5 53. Bf3 Ne6 54. a4 Kc7 55. Kd5 1-0

[Event "Irkutsk Ermolaev Memorial 7th"]
[Site "Irkutsk"]
[Date "2013.08.07"]
[Round "5"]
[White "Khungueva, Olga"]
[Black "Obolenskikh, Dmitry Aleksandrovi"]
[Result "1/2-1/2"]
[WhiteElo "1999"]
[BlackElo "2486"]
[PlyCount "85"]
[EventDate "2013.08.02"]
[EventType "swiss"]
[EventRounds "9"]
[EventCountry "RUS"]
[SourceTitle "CBM 155 Extra"]
[Source "ChessBase"]
[SourceDate "2013.08.26"]
[SourceVersion "1"]
[SourceVersionDate "2013.08.26"]
[SourceQuality "1"]

1. d4 e6 2. c4 b6 3. Nf3 Bb7 4. a3 f5 5. Nc3 Nf6 6. e3 Bd6 7. Be2 0-0 8. 0-0 Ne4 9. Qc2 Nxc3 10. Qxc3 a5 11. b3 Nc6 12. Ne5 Ne7 13. Bf3 Bxf3 14. Nxf3 Ng6 15. Bb2 Qe7 16. Ne5 Bxe5 17. dxe5 f4 18. exf4 Nxf4 19. Rae1 Qc5 20. Bc1 a4 21. b4 Qc6 22. Bxf4 Rxf4 23. Rc1 Raf8 24. c5 b5 25. Qd3 R8f7 26. Rcd1 h6 27. f3 Qb7 28. Rfe1 c6 29. Re4 Rxe4 30. Qxe4 Qb8 31. Rd6 Qf8 32. Qd3 Qe7 33. g3 Kf8 34. Kg2 Ke8 35. Rd4 Qg5 36. f4 Qe7 37. Qg6 Kd8 38. h4 Kc7 39. g4 Qf8 40. Kg3 Qe7 41. h5 Kc8 42. Rd6 Kc7 43. Rd3 1/2-1/2

[Event "Irkutsk Baykal op"]
[Site "Irkutsk"]
[Date "2013.06.06"]
[Round "6"]
[White "Besedin, Anatoly"]
[Black "Khungueva, Olga"]
[Result "1-0"]
[WhiteElo "2035"]
[BlackElo "1997"]
[PlyCount "103"]
[EventDate "2013.06.01"]
[EventType "swiss"]
[EventRounds "9"]
[EventCountry "RUS"]
[SourceTitle "CBM 155 Extra"]
[Source "ChessBase"]
[SourceDate "2013.08.26"]
[SourceVersion "1"]
[SourceVersionDate "2013.08.26"]
[SourceQuality "1"]

1. f4 c5 2. Nf3 g6 3. g3 Bg7 4. Bg2 Nc6 5. Nc3 e6 6. e4 d6 7. 0-0 Nge7 8. d3 0-0 9. Ne2 Nd4 10. c3 Nxf3+ 11. Bxf3 Rb8 12. Be3 b5 13. d4 cxd4 14. Bxd4 Bxd4+ 15. Qxd4 Qb6 16. Rad1 Rd8 17. Rd2 Qxd4+ 18. Nxd4 a6 19. Rfd1 Bb7 20. Kf2 d5 21. e5 Bc6 22. g4 Bd7 23. h4 b4 24. cxb4 Rxb4 25. Rc1 Rc8 26. Rxc8+ Bxc8 27. Ke3 Kf8 28. Rc2 Ke8 29. a3 Rb6 30. b4 Bd7 31. h5 Ba4 32. Rc7 Nc6 33. Rc8+ Kd7 34. Rh8 Nxd4 35. Kxd4 gxh5 36. gxh5 Bc2 37. Be2 Bf5 38. Rf8 Ke7 39. Ra8 Rc6 40. Ra7+ Kf8 41. Rxa6 Rc2 42. Bb5 Rh2 43. Ra8+ Kg7 44. a4 Rxh5 45. a5 Rh4 46. a6 Rxf4+ 47. Kc5 Rf2 48. a7 Ra2 49. Kb6 d4 50. Bc6 Rc2 51. b5 Rxc6+ 52. bxc6 1-0

[Event "Irkutsk Baykal op"]
[Site "Irkutsk"]
[Date "2013.06.03"]
[Round "3"]
[White "Khungueva, Olga"]
[Black "Sechkin, Alexandr"]
[Result "1-0"]
[WhiteElo "1997"]
[BlackElo "1828"]
[PlyCount "61"]
[EventDate "2013.06.01"]
[EventType "swiss"]
[EventRounds "9"]
[EventCountry "RUS"]
[SourceTitle "CBM 155 Extra"]
[Source "ChessBase"]
[SourceDate "2013.08.26"]
[SourceVersion "1"]
[SourceVersionDate "2013.08.26"]
[SourceQuality "1"]

1. d4 d5 2. c4 e6 3. Nc3 Nf6 4. Nf3 Be7 5. Bg5 Nbd7 6. e3 0-0 7. cxd5 exd5 8. Bd3 Re8 9. 0-0 c6 10. Rb1 a5 11. a3 b5 12. b4 axb4 13. axb4 Nb6 14. Ne5 Bb7 15. Qc2 Ne4 16. Bxe7 Qxe7 17. Nxe4 dxe4 18. Bxe4 g6 19. Bf3 Rec8 20. Qb3 Rc7 21. Rfc1 Rac8 22. Rc2 Nd5 23. Bxd5 cxd5 24. Rc5 f6 25. Nd3 Qd7 26. Rbc1 Bc6 27. Qc3 Qf5 28. Nf4 g5 29. Nxd5 Rd7 30. Nb6 Qe4 31. Rxc6 1-0

[Event "Irkutsk Region-ch (Women)"]
[Site "Irkutsk"]
[Date "2012.11.30"]
[Round "1"]
[White "Khungueva, Olga"]
[Black "Penzina, Tatyana"]
[Result "1-0"]
[WhiteElo "1985"]
[BlackElo "1446"]
[PlyCount "65"]
[EventDate "2012.11.30"]
[EventType "swiss"]
[EventRounds "9"]
[EventCountry "RUS"]
[SourceTitle "EXT 2022"]
[Source "ChessBase"]
[SourceDate "2021.10.06"]
[SourceVersion "1"]
[SourceVersionDate "2021.10.06"]
[SourceQuality "1"]

1. d4 Nf6 2. Nf3 d5 3. c4 dxc4 4. e3 e6 5. Bxc4 c6 6. 0-0 Be7 7. Nc3 0-0 8. a3 Nbd7 9. b4 Nb6 10. Bd3 Nfd5 11. Qc2 f5 12. Bd2 Nxc3 13. Qxc3 Kh8 14. Rfc1 Bd7 15. Qb3 Rc8 16. Ne5 Bd6 17. Nc4 Nxc4 18. Bxc4 Qf6 19. b5 Rce8 20. Bb4 cxb5 21. Bxb5 Bxh2+ 22. Kxh2 Qh4+ 23. Kg1 Rf6 24. Bxd7 Rh6 25. Kf1 Qh1+ 26. Ke2 Qh5+ 27. Kd2 Rd8 28. Be7 Ra8 29. Qxb7 Rg8 30. Rc8 Qf7 31. Rxg8+ Qxg8 32. Rc1 Rg6 33. Rc8 1-0

[Event "Irkutsk Region-ch (Women)"]
[Site "Irkutsk"]
[Date "2011.12.13"]
[Round "4"]
[White "Trapeznikova, Darya"]
[Black "Khungueva, Olga"]
[Result "1-0"]
[WhiteElo "2096"]
[BlackElo "2007"]
[PlyCount "67"]
[EventDate "2011.12.10"]
[EventType "swiss"]
[EventRounds "9"]
[EventCountry "RUS"]
[SourceTitle "EXT 2022"]
[Source "ChessBase"]
[SourceDate "2021.10.06"]
[SourceVersion "1"]
[SourceVersionDate "2021.10.06"]
[SourceQuality "1"]

1. e4 d6 2. d4 g6 3. Nc3 Bg7 4. f4 Nd7 5. Nf3 e5 6. fxe5 dxe5 7. d5 Ngf6 8. Be3 0-0 9. h3 h6 10. Qd2 Kh7 11. g4 Ne8 12. Bd3 a6 13. Ne2 Nd6 14. Ng3 b5 15. a4 bxa4 16. c4 Nb7 17. Rxa4 Ndc5 18. Ra3 Nxd3+ 19. Qxd3 Qe7 20. 0-0 Nc5 21. Qc3 f5 22. Qb4 Qe8 23. Bxc5 Rf7 24. exf5 gxf5 25. gxf5 e4 26. Nd4 Be5 27. Nc6 Bxg3 28. Rxg3 Bxf5 29. Bd4 Qc8 30. Ne7 Qf8 31. Rxf5 Rxf5 32. Nxf5 Qxb4 33. Rg7+ Kh8 34. Rf7+ 1-0